000 01617nam a2200373 a 4500
001 000107723
003 CHAP
005 20240520075501.0
008 131023s2009 mx a |re |||||||spa d
010 _a104185
011 _a105157
020 _a978-607-477--147-3 (Ciencias biológicas)
020 _a978-607-477-162-6 (Ingenierías diseños y tecnología)
020 _a978-607-477-399-6 (Geografía)
020 _a9786074771374 (Obra completa)
040 _cCHAP
082 0 4 _a503
_bC83
245 0 0 _aCosmos :
_benciclopedia de las ciencias y tecnología en México.
260 _aMéxico :
_bConsejo Nacional de Ciencia y Tecnología
_bUniversidad Autónoma Metropolitana
_bInstituto de Ciencia y Tecnología del Distrito Federal,
_cc2009.
300 _a9 v. :
_bil.
_e+ 1 CD (4 3/4 plg.)
500 _aLa bibliotea tiene: v.1. Ingeniería, tenologías, diceños y arquitectura. v.2 Ciencias biolólogicas. v.8. Geografía
505 1 _av.1. Ingeniería, tecnologías, diceño y arquitectura. v.2. Ciencias bilógias. v.3. Fisica. v.4. Química. v.5. Matematicas. v.6 Medicina. v.7 Ciencias de la Tierra. v.8. Geografía. v.9 Ciencias sociales y humanidades
590 _aE11695DGD
_b10
_c20131023
590 _aE11695DGD
_b10
_c20131024
590 _aE11695DGD
_b10
_c20131024
590 _aE11695DGD
_b10
_c20131024
590 _aE11695DGD
_b10
_c20131024
650 1 4 _aCiencia
_vEnciclopedias.
_9124450
650 1 4 _aTecnología
_vEnciclopedias.
_9124451
700 0 _aUniversidad Autónoma Metropolitana. Unidad Iztapalapa.
_9116377
901 _aBK
942 _cLIBRO
_2ddc
942 _n0
_2ddc
999 _c104185
_d104185